00300 2200133 4500001002100000005001500021035002000036245005300056300000800109260001700117082000800134084001200142990001200154INLIS00000000000225620250527023640 a0010-0525000548 aCara Pintar Menjadi EO /cIndro "Kampung" Suseno a147 bGalang Press a600 a600 CAR a0713270